Île-de-France : avis de tempête force 12, Martine Tabeaud (Ed.), Publications de la Sorbonne, 2003, 206 p. (notice n° 1644340)
[ vue normale ]
| 000 -LEADER | |
|---|---|
| fixed length control field | 00548cam a2200145 4500500 |
| 005 - DATE AND TIME OF LATEST TRANSACTION | |
| control field | 20260208001104.0 |
| 041 ## - LANGUAGE CODE | |
| Language code of text/sound track or separate title | fre |
| 042 ## - AUTHENTICATION CODE | |
| Authentication code | dc |
| 100 10 - MAIN ENTRY--PERSONAL NAME | |
| Personal name | Birot, Yves |
| Relator term | author |
| 245 00 - TITLE STATEMENT | |
| Title | Île-de-France : avis de tempête force 12, Martine Tabeaud (Ed.), Publications de la Sorbonne, 2003, 206 p. |
| 260 ## - PUBLICATION, DISTRIBUTION, ETC. | |
| Date of publication, distribution, etc. | 2005.<br/> |
| 500 ## - GENERAL NOTE | |
| General note | 5 |
| 786 0# - DATA SOURCE ENTRY | |
| Note | Natures Sciences Sociétés | 13 | 4 | 2005-12-01 | p. 461b-463b | 1240-1307 |
| 856 41 - ELECTRONIC LOCATION AND ACCESS | |
| Uniform Resource Identifier | <a href="https://stm.cairn.info/revue-natures-sciences-societes-2005-4-page-461b?lang=fr&redirect-ssocas=7080">https://stm.cairn.info/revue-natures-sciences-societes-2005-4-page-461b?lang=fr&redirect-ssocas=7080</a> |
Pas d'exemplaire disponible.




Réseaux sociaux